[Event "Gibraltar Amateurs op-A"]
[Site "Gibraltar"]
[Date "2008.01.25"]
[Round "4"]
[White "Garcia Lechugo, Francisco"]
[Black "France, Robert"]
[Result "0-1"]
[WhiteElo "1515"]
[BlackElo "1648"]
[PlyCount "58"]
[EventDate "2008.01.22"]
[EventType "tourn"]
[EventRounds "5"]
[EventCountry "ENG"]
[SourceTitle "EXT 2010"]
[Source "ChessBase"]
[SourceDate "2010.11.25"]
[SourceVersion "1"]
[SourceVersionDate "2010.11.25"]
[SourceQuality "1"]

1. c4 Nf6 2. g3 g6 3. b4 Bg7 4. Bb2 0-0 5. Nf3 d6 6. Bg2 Nbd7 7. 0-0 a5 8. b5 e5 9. Nc3 Nh5 10. Ng5 Qxg5 11. Qc2 f5 12. Nd5 Qd8 13. Qb3 Nc5 14. Qc2 c6 15. bxc6 bxc6 16. Nc3 Bd7 17. Rab1 a4 18. f3 a3 19. Ba1 f4 20. g4 Nf6 21. Kf2 Ne6 22. h4 Nd4 23. Qc1 Bxg4 24. Rh1 Bf5 25. d3 Nh5 26. Ne4 Bxe4 27. dxe4 Bf6 28. Qg1 Bxh4+ 29. Kf1 Ng3+ 0-1

[Event "Gibraltar Amateurs op-A"]
[Site "Gibraltar"]
[Date "2008.01.22"]
[Round "1"]
[White "France, Robert"]
[Black "Salomon, Johan"]
[Result "1-0"]
[WhiteElo "1648"]
[BlackElo "1000"]
[PlyCount "75"]
[EventDate "2008.01.22"]
[EventType "tourn"]
[EventRounds "5"]
[EventCountry "ENG"]
[SourceTitle "EXT 2010"]
[Source "ChessBase"]
[SourceDate "2010.11.25"]
[SourceVersion "1"]
[SourceVersionDate "2010.11.25"]
[SourceQuality "1"]

1. e4 c5 2. d4 cxd4 3. c3 dxc3 4. Nxc3 Nc6 5. Nf3 e6 6. Bc4 a6 7. a4 Bb4 8. 0-0 Bxc3 9. bxc3 d6 10. Qe2 Qc7 11. Ba3 Nf6 12. Rfd1 Na5 13. Ba2 Qxc3 14. Bxd6 Qc6 15. e5 Nd7 16. Nd4 Qb6 17. Qh5 Nf8 18. Rab1 g6 19. Qh6 Qa7 20. Qg7 Bd7 21. Qxh8 0-0-0 22. Rbc1+ Nc6 23. Bxf8 Kb8 24. Nxc6+ bxc6 25. Bd6+ Kc8 26. Qf6 a5 27. Rb1 Be8 28. Qf3 f5 29. Rb8+ Kd7 30. Bc5+ Kc7 31. Bxa7 Rxb8 32. Bxb8+ Kxb8 33. Rd8+ Kc7 34. Rxe8 Kd7 35. Rh8 Kc7 36. Rxh7+ Kc8 37. Qxc6+ Kd8 38. Qd7# 1-0